000 00486cam a22001934a 4500
005 20250605164322.0
008 250528s ||||||||||||||||||||||||d
035 _a22958
020 _a9780521539159
040 _aGR-AtMCL
_bgre
_dGR-AtMCL
_eAACR2
245 1 _aSKILLS AWARD INFORMATION TECHNOLOGY:STANDARD LEVEL
250 _a1
260 _bCambridge University Press,
_c2004
300 _a242
700 1 _aMcbride P.K
_98569
942 _cBK
999 _c8000
_d8000